000 00643nam a2200157Ia 4500
008 151213s9999 xx 000 0 und d
100 _aপ্রফেসর এম শফিউল্লাহ।
245 _aবিুজ্ঞান প্রযুক্তি ও আমরা।
_cপ্রফেসর এম শফিউল্লাহ।
250 _a১ম স
260 _aঢাকা
_bবিডার্স এ্যাসোসিয়েটস।
_c2003
300 _a3473 p.
650 _aBangla
650 _aবিজ্ান।
700 _aপ্রফেসর এম শফিউল্লাহ।
999 _c2298
_d2298